[Event "ARA Campeonato de Aragon por Equipos Preferente Grupo II (204366)"]
[Site ""]
[Date "2019.03.02"]
[Round "6.71"]
[White "Arrieta Restrepo, Steven"]
[Black "Buil Rello, Jose Antonio"]
[Result "1-0"]
[WhiteElo "1949"]
[BlackElo "1761"]
[PlyCount "0"]
[WhiteTeam "Monzon"]
[BlackTeam "Jaime Casas B"]
[EventDate "2019.01.26"]


1. e4 c5 2. Nf3 e6 3. Nc3 a6 4. d4 cxd4 5. Nxd4 Qc7 6. a3 b5 7. g3 Bb7 8. Bg2
Nc6 9. O-O Nxd4 10. Qxd4 Qc5 11. Qd3 d6 12. Bf4 Be7 13. Rad1 Rd8 14. Be3 Qc7
15. Qe2 Nf6 16. f4 O-O 17. h3 d5 18. e5 Ne4 19. Nxe4 dxe4 20. Bf2 Rc8 21. c3
Bd5 22. Bxe4 Bc4 23. Bd3 Bd5 24. Rfe1 g6 25. a4 Rfd8 26. Bd4 Qc6 27. Be4 Bc5
28. Bxd5 Rxd5 29. Bxc5 Qxc5+ 30. Qf2 Qxf2+ 31. Kxf2 Kf8 32. Rxd5 exd5 33. Rd1
Rc5 34. Ke3 Ke7 35. Kd4 Rc8 36. g4 f6 37. Rf1 Rd8 38. f5 fxe5+ 39. Kxe5 Rc8 40.
f6+ Kf7 41. g5 Rc4 42. Rf4 Rc8 43. Kxd5 Rd8+ 44. Kc6 Rd2 45. Kb6 Rxb2 46. Kxa6
Rb3 47. Rf3 Kf8 48. Ka5 Kf7 49. axb5 Rb2 50. Re3 Kg8 51. Re7 Rc2 52. Rg7+ Kh8
53. Rc7 Kg8 54. Rc4 Kf8 55. Ka6 Rh2 56. h4 1-0

[Event "ARA Campeonato de Aragon por Equipos Preferente Grupo II (204366)"]
[Site ""]
[Date "2019.03.02"]
[Round "6.72"]
[White "Salas Latorre, Jose"]
[Black "Hidalgo Gracia, Andres"]
[Result "1/2-1/2"]
[WhiteElo "1718"]
[BlackElo "1846"]
[PlyCount "0"]
[WhiteTeam "Jaime Casas B"]
[BlackTeam "Monzon"]
[EventDate "2019.01.26"]

1. c4 e5 2. e4 Nf6 3. Nc3 Bb4 4. d3 Bxc3+ 5. bxc3 O-O 6. Be2 h6 7. Nf3 Re8 8.
O-O c6 9. Qc2 d5 10. cxd5 cxd5 11. exd5 Qxd5 12. Rd1 Nc6 13. Rb1 Bg4 14. Be3
Rac8 15. Qb3 Na5 16. Qb4 b6 17. Rd2 Qe6 18. c4 Nc6 19. Qb2 Rcd8 20. h3 Bh5 21.
Ne1 Bg6 22. Bf3 Nd4 23. Bxd4 Rxd4 24. Rbd1 Red8 25. Be2 R4d7 26. Nf3 Re7 27.
Re1 e4 28. dxe4 Rde8 29. e5 Nd7 30. Rd6 Qf5 31. Bd3 Qh5 32. Bxg6 fxg6 33. e6
Nc5 34. Re5 g5 35. Qe2 Qg6 36. Nd4 Kh7 37. Qe3 Qd3 38. Qxd3+ Nxd3 39. Re3 Nc5
1/2-1/2

[Event "División de Honor Aragonesa 2019 - Encuentros por tableros Global"]
[Site ""]
[Date "2019.03.09"]
[Round "7.1"]
[White "Colom Sienes, Eduardo"]
[Black "Forcen Esteban, Daniel"]
[Result "0-1"]
[WhiteElo "2047"]
[BlackElo "2567"]
[PlyCount "0"]
[WhiteTeam "Palacio de Pioneros B"]
[BlackTeam "Jaime Casas"]
[EventDate "2019.01.26"]

1. e4 e5 2. f4 exf4 3. Nf3 g5 4. d4 g4 5. Bxf4 gxf3 6. Qxf3 Qf6 7. Nc3 Bb4 8.
Bc4 Nc6 9. O-O-O Bxc3 10. bxc3 Na5 11. Bd3 Ne7 12. Rhf1 Ng6 13. Bxc7 Qxf3 14.
Rxf3 b6 15. Rdf1 Bb7 16. Rxf7 Rc8 17. Bd6 Nc4 18. Bxc4 Rxc4 19. h4 Rc6 20. e5
Ba6 21. R1f2 Bc4 22. Rg7 Bxa2 23. h5 Nf8 24. g4 Ne6 25. Rgf7 Kd8 26. g5 Kc8 27.
g6 hxg6 28. hxg6 Rg8 29. Kb2 Bd5 30. R7f6 Kb7 31. Rf7 Kc8 32. R7f6 Rc4 33. Rh2
Kb7 34. Rh7 Kc6 35. Ba3 Be4 36. Rf4 Nxf4 0-1

[Event "División de Honor Aragonesa 2019 - Encuentros por tableros Global"]
[Site ""]
[Date "2019.03.09"]
[Round "7.2"]
[White "Ramiro Ovejero, Juan Luis"]
[Black "Gomez Salinas, Nestor"]
[Result "1-0"]
[WhiteElo "2358"]
[BlackElo "1999"]
[PlyCount "0"]
[WhiteTeam "Jaime Casas"]
[BlackTeam "Palacio de Pioneros B"]
[EventDate "2019.01.26"]

1. e4 c5 2. Nf3 d6 3. Bb5+ Bd7 4. Bxd7+ Nxd7 5. O-O Ngf6 6. Qe2 e6 7. c3 Be7 8.
d4 O-O 9. Rd1 d5 10. e5 Ne4 11. Ne1 h6 12. f3 Ng5 13. Nd3 Rc8 14. Be3 b5 15.
Nd2 c4 16. Nf2 b4 17. f4 bxc3 18. bxc3 Nh7 19. Nf3 Qa5 20. Qc2 Nb6 21. Rab1 Rb8
22. g4 Na4 23. Bd2 Ba3 24. Rf1 Bb2 25. Nd1 Ba3 26. f5 Rxb1 27. Qxb1 Qb6 28. Qc2
Qb5 29. f6 Rb8 30. fxg7 Kxg7 31. Nh4 Qd7 32. Ng2 Nb2 33. Nf4 Ng5 34. Nh5+ Kf8
35. Bxg5 hxg5 36. Qh7 Qe8 37. Qh6+ Ke7 38. Qxg5+ Kf8 39. Nf6 Qd8 40. Qg8+ Ke7
41. Nxd5+ Kd7 42. Qxf7+ Be7 43. Rf6 exd5 44. Qxd5+ Ke8 45. Qf7+ Kd7 46. Rd6+
Kc7 47. Rxd8 Kxd8 48. Nxb2 Rxb2 49. Qxc4 1-0

[Event "División de Honor Aragonesa 2019 - Encuentros por tableros Global"]
[Site ""]
[Date "2019.03.09"]
[Round "7.3"]
[White "Sacristan Latorre, Carlos"]
[Black "Gines Esteo, Pedro Antonio"]
[Result "0-1"]
[WhiteElo "1697"]
[BlackElo "2318"]
[PlyCount "0"]
[WhiteTeam "Palacio de Pioneros B"]
[BlackTeam "Jaime Casas"]
[EventDate "2019.01.26"]

1. e4 c6 2. d4 d5 3. e5 Bf5 4. Bd3 Bxd3 5. Qxd3 e6 6. f4 c5 7. c3 Nc6 8. Nd2
cxd4 9. cxd4 Nb4 10. Qb5+ Qd7 11. Qxd7+ Kxd7 12. Kd1 Rc8 13. Ndf3 Nh6 14. a3
Nc2 15. Rb1 Nf5 16. Ne2 Rc4 17. b3 Rc6 18. Rb2 Nxa3 19. Bd2 h5 20. g3 Nb5 21.
Ra2 Be7 22. Ke1 Bd8 23. Kf2 Bb6 24. Ra4 Rc2 25. Rd1 Rb2 26. Rb4 a6 27. Bc1 Rc2
28. Bd2 Rhc8 29. h3 Rb2 30. g4 hxg4 31. hxg4 Ne7 32. Bc1 Nc3 33. Re1 Rxe2+ 34.
Rxe2 Nxe2 35. Kxe2 Rxc1 36. Rxb6 Kc7 37. Rb4 b5 38. Kd2 Rf1 0-1

[Event "División de Honor Aragonesa 2019 - Encuentros por tableros Global"]
[Site ""]
[Date "2019.03.09"]
[Round "7.4"]
[White "Fontana Sotomayor, Luis Javier"]
[Black "Crespo Laborda, Alberto"]
[Result "1-0"]
[WhiteElo "2256"]
[BlackElo "1480"]
[PlyCount "0"]
[WhiteTeam "Jaime Casas"]
[BlackTeam "Palacio de Pioneros B"]
[EventDate "2019.01.26"]

1. e4 c5 2. Nc3 d6 3. g3 Nc6 4. Bg2 Nf6 5. d3 Bg4 6. Qd2 e6 7. h3 Bh5 8. f4 Bg6
9. g4 h6 10. Nf3 Qc7 11. Qf2 d5 12. exd5 Nxd5 13. Nxd5 exd5 14. Nh4 d4 15. Nxg6
fxg6 16. Be4 Qd6 17. Bd2 Be7 18. O-O-O O-O-O 19. Kb1 Rhf8 20. h4 g5 21. hxg5
hxg5 22. Bf5+ Kb8 23. fxg5 Ne5 24. Qg3 Qc7 25. Bf4 Bd6 26. Rde1 Nf7 27. Bxd6
Qxd6 28. Qxd6+ Nxd6 29. Re7 Nxf5 30. gxf5 Rxf5 31. Rxg7 Rdf8 32. a4 Rf1+ 33.
Rxf1 Rxf1+ 34. Ka2 b6 35. Kb3 Rg1 36. g6 Kc8 37. Kc4 Rg2 38. Kd5 Kd8 39. Kd6
Kc8 40. a5 bxa5 41. Kc6 Kd8 42. Kxc5 Rxc2+ 43. Kd6 Kc8 44. Rxa7 Rg2 45. g7 1-0

[Event "División de Honor Aragonesa 2019 - Encuentros por tableros Global"]
[Site ""]
[Date "2019.03.09"]
[Round "7.5"]
[White "Adla, Diego"]
[Black "Van Ojik, Mark"]
[Result "1-0"]
[WhiteElo "2441"]
[BlackElo "2285"]
[PlyCount "0"]
[WhiteTeam "St. Casablanca"]
[BlackTeam "ONCE C.A. Aragon"]
[EventDate "2019.01.26"]


1. c4 e5 2. Nc3 Nc6 3. g3 h5 4. Nf3 d6 5. Bg2 g5 6. Nd5 g4 7. Nh4 Be7 8. d3 Be6
9. Be3 Bxh4 10. gxh4 Nce7 11. Qb3 Nxd5 12. cxd5 Bc8 13. Rc1 Rh7 14. O-O Rg7 15.
d4 e4 16. Qc2 f5 17. Bg5 Qd7 18. f3 e3 19. fxg4 hxg4 20. Qd3 1-0

[Event "División de Honor Aragonesa 2019 - Encuentros por tableros Global"]
[Site ""]
[Date "2019.03.09"]
[Round "7.6"]
[White "Gavin Roche, Enrique"]
[Black "Glavina, Pablo"]
[Result "0-1"]
[WhiteElo "2220"]
[BlackElo "2397"]
[PlyCount "0"]
[WhiteTeam "ONCE C.A. Aragon"]
[BlackTeam "St. Casablanca"]
[EventDate "2019.01.26"]

1. d4 Nf6 2. Nf3 d5 3. c4 e6 4. Nc3 Bb4 5. e3 O-O 6. Bd2 Nc6 7. a3 Bd6 8. b4
dxc4 9. Bxc4 e5 10. d5 Ne7 11. e4 c6 12. dxc6 bxc6 13. O-O Ng6 14. Re1 Qe7 15.
Na4 h6 16. Qb3 Nh5 17. g3 Kh8 18. Nc5 Bg4 19. Ra2 a5 20. Rc2 axb4 21. axb4 Ra7
22. Be2 f5 23. exf5 Bxf5 24. Bd3 Bxc5 25. Rxc5 Rd7 26. Nxe5 Nxe5 27. Bxf5 Rxf5
28. f4 Rxd2 29. Rcxe5 Rxe5 30. Rxe5 Qa7+ 0-1

[Event "División de Honor Aragonesa 2019 - Encuentros por tableros Global"]
[Site ""]
[Date "2019.03.09"]
[Round "7.7"]
[White "Quintin Navarro, Alberto"]
[Black "Laliena Solanes, Luis"]
[Result "1-0"]
[WhiteElo "2391"]
[BlackElo "2177"]
[PlyCount "0"]
[WhiteTeam "St. Casablanca"]
[BlackTeam "ONCE C.A. Aragon"]
[EventDate "2019.01.26"]

1. e4 c5 2. Nf3 Nc6 3. d4 cxd4 4. Nxd4 e6 5. Nc3 Qc7 6. Be2 a6 7. O-O Nf6 8.
Be3 Bb4 9. Nxc6 bxc6 10. f4 O-O 11. e5 Nd5 12. Nxd5 cxd5 13. Qd4 Rb8 14. f5 d6
15. exd6 Qxd6 16. f6 e5 17. Qh4 Bc5 18. Bxc5 Qxc5+ 19. Kh1 Qxc2 20. Qg5 Qg6 21.
Qxe5 Rb6 22. Bh5 Qh6 23. Bxf7+ Kh8 24. Bxd5 Rbxf6 25. Rxf6 Qxf6 26. Qxf6 Rxf6
27. Rc1 Bd7 28. Kg1 h6 29. Rf1 Rd6 30. Rf8+ Kh7 31. Be4+ g6 32. Kf2 Kg7 33. Rd8
Kf6 34. Ke3 Ke7 35. Rg8 Kf7 36. Ra8 Kf6 37. Bd3 Bb5 38. Bxb5 axb5 39. Rb8 Rd5
40. Ke4 Rd2 41. Rb6+ Kf7 42. Rxb5 Rxg2 43. h4 Rg4+ 44. Ke5 Rxh4 45. Rb7+ Ke8
46. b4 Kd8 47. a4 Kc8 48. Rb6 Kc7 49. a5 Rg4 50. b5 h5 51. Rc6+ Kb8 52. Kd6 Rg5
53. Rb6+ Ka7 54. Kc6 Rf5 55. Rb7+ Ka8 56. Rd7 Rf1 57. Rd8+ Ka7 58. b6+ 1-0

[Event "División de Honor Aragonesa 2019 - Encuentros por tableros Global"]
[Site ""]
[Date "2019.03.09"]
[Round "7.8"]
[White "Cobo Garrido, Diego Israel"]
[Black "Arjol Lopez, Daniel"]
[Result "1-0"]
[WhiteElo "2084"]
[BlackElo "2167"]
[PlyCount "0"]
[WhiteTeam "ONCE C.A. Aragon"]
[BlackTeam "St. Casablanca"]
[EventDate "2019.01.26"]

1. e4 c5 2. Nf3 g6 3. d4 cxd4 4. Qxd4 Nf6 5. Nc3 Nc6 6. Qa4 d6 7. e5 dxe5 8.
Nxe5 Bd7 9. Nxd7 Qxd7 10. Be3 Bg7 11. Rd1 Qg4 12. Qb3 Qb4 13. Be2 O-O 14. O-O
Qxb3 15. cxb3 e5 16. Bf3 a5 17. Nd5 Nxd5 18. Rxd5 Nd4 19. Rd7 Nxf3+ 20. gxf3
Rfb8 21. Rc1 Ra6 22. Rcc7 Rf6 23. Rxb7 Rxb7 24. Rd8+ 1-0

[Event "División de Honor Aragonesa 2019 - Encuentros por tableros Global"]
[Site ""]
[Date "2019.03.09"]
[Round "7.9"]
[White "Baron Rodriguez, Jesus"]
[Black "Garza Marco, Sergio"]
[Result "1/2-1/2"]
[WhiteElo "2416"]
[BlackElo "2407"]
[PlyCount "0"]
[WhiteTeam "Ibercaja"]
[BlackTeam "Helios"]
[EventDate "2019.01.26"]

1. e4 c6 2. c4 d5 3. exd5 cxd5 4. d4 Nf6 5. Nc3 g6 6. cxd5 Bg7 7. Qb3 O-O 8.
Be2 Nbd7 9. Bf3 Nb6 10. Nge2 Bg4 11. Bxg4 Nxg4 12. O-O 1/2-1/2

[Event "División de Honor Aragonesa 2019 - Encuentros por tableros Global"]
[Site ""]
[Date "2019.03.09"]
[Round "7.10"]
[White "Calvo Simon, Jorge"]
[Black "Lopez Gracia, Fernando"]
[Result "1/2-1/2"]
[WhiteElo "2192"]
[BlackElo "2293"]
[PlyCount "0"]
[WhiteTeam "Helios"]
[BlackTeam "Ibercaja"]
[EventDate "2019.01.26"]

1. e4 c5 2. Nf3 e6 3. d4 cxd4 4. Nxd4 Nf6 5. Nc3 Nc6 6. Ndb5 Bc5 7. Bf4 O-O 8.
Bd6 Qb6 9. Bxc5 Qxc5 10. Qd6 Qb6 11. a4 a6 12. a5 axb5 13. axb6 Rxa1+ 14. Nd1
Nxe4 15. Qf4 d5 16. Bd3 e5 17. Qe3 f5 18. Bxe4 fxe4 19. O-O Be6 20. Qc5 d4 21.
Qxb5 d3 22. Qc5 Rd8 23. cxd3 exd3 24. b4 d2 25. b5 Rc1 26. Qe3 Na5 27. Qxe5 Bc4
28. Qg5 Rc8 29. Qxd2 Bxf1 30. Kxf1 Kh8 31. Qxa5 Rxd1+ 32. Ke2 Rd7 33. g3 h6 34.
Qa2 Rd6 35. Qa7 Re8+ 36. Kf1 Rd7 37. Qa3 Re5 38. Qf8+ Kh7 39. Qc8 Red5 40. Kg2
Kg6 41. h4 h5 42. Kh3 Kf6 43. f3 Ke5 44. Qc3+ Ke6 45. Qc4 Ke7 46. g4 hxg4+ 47.
Qxg4 Kf8 48. Qb4+ 1/2-1/2

[Event "División de Honor Aragonesa 2019 - Encuentros por tableros Global"]
[Site ""]
[Date "2019.03.09"]
[Round "7.11"]
[White "Moreno Gracia, Daniel"]
[Black "Guzman Moneo, Alberto"]
[Result "1/2-1/2"]
[WhiteElo "2289"]
[BlackElo "2170"]
[PlyCount "0"]
[WhiteTeam "Ibercaja"]
[BlackTeam "Helios"]
[EventDate "2019.01.26"]

1. Nf3 g6 2. c4 Bg7 3. g3 e5 4. Nc3 f5 5. d3 d6 6. Bg2 Nf6 7. O-O O-O 8. Rb1 h6
9. b4 g5 10. c5 g4 11. Qb3+ Kh7 12. Nd2 Nc6 13. cxd6 Nd4 14. dxc7 Qxc7 15. Qc4
Qd8 16. b5 Be6 17. Qb4 Nd5 18. Bxd5 Bxd5 19. Ba3 Rc8 20. Nc4 b6 21. Qb2 Ba8 22.
Bxf8 Qxf8 23. Qb4 Rc5 24. Rb2 Qf7 25. Qa4 e4 26. Nxb6 Rxc3 27. Nxa8 exd3 28.
exd3 Qb7 29. Rd1 Nf3+ 30. Kf1 Nxh2+ 31. Kg1 Nf3+ 32. Kf1 Qxa8 33. b6 Nh2+ 34.
Kg1 Nf3+ 35. Kf1 Nh2+ 36. Kg1 Nf3+ 1/2-1/2

[Event "División de Honor Aragonesa 2019 - Encuentros por tableros Global"]
[Site ""]
[Date "2019.03.09"]
[Round "7.12"]
[White "Cerrajeria Ruiz, Jesus Maria"]
[Black "Torcal Miguel, Oscar"]
[Result "1/2-1/2"]
[WhiteElo "2137"]
[BlackElo "2084"]
[PlyCount "0"]
[WhiteTeam "Helios"]
[BlackTeam "Ibercaja"]
[EventDate "2019.01.26"]

1. g3 e5 2. Bg2 Nf6 3. c4 c6 4. Nf3 e4 5. Nd4 d5 6. d3 Bc5 7. Nb3 Bb4+ 8. Bd2
Bxd2+ 9. Qxd2 dxc4 10. dxc4 Qe7 11. O-O O-O 12. Nc3 Bf5 13. Qf4 Bg6 14. Rfd1
Re8 15. Qd6 Nbd7 16. Na5 Ne5 17. b3 Rac8 18. Bh3 Qxd6 19. Rxd6 Rc7 20. c5 h5
21. Rad1 h4 22. Rd8 Kf8 23. gxh4 Nh5 24. Rxe8+ Kxe8 25. e3 f5 26. Rd6 Kf7 27.
Bf1 Nf3+ 28. Kh1 Nf6 29. Be2 Bh5 30. h3 Ke7 31. b4 Ne8 32. Rd1 b6 33. Nc4 bxc5
34. bxc5 Rd7 35. Rxd7+ Kxd7 36. Bxf3 exf3 37. Ne5+ Kc7 38. Kh2 Nf6 39. Kg3 Nd7
40. Nxd7 Kxd7 41. Kf4 Ke6 42. a3 a6 43. e4 fxe4 44. Kxe4 Bg6+ 45. Kxf3 Ke5 46.
Ke3 Bf5 47. f4+ Ke6 48. Kd4 Bxh3 49. Na2 a5 50. Nc1 Bf1 51. a4 Kf5 52. Nb3 Be2
53. Nxa5 Bd1 54. Ke3 Bxa4 55. Kf3 Bd1+ 56. Ke3 Ba4 57. Nb7 Ke6 58. Ke4 Bc2+ 59.
Kd4 Kf5 60. Nd8 Be4 61. Ne6 g6 62. h5 gxh5 63. Ng7+ Kxf4 64. Nxh5+ Kf3 65. Nf6
Bc2 66. Ke5 Ke3 67. Kd6 Ba4 68. Nd7 Kd4 69. Ne5 Kc3 70. Nxc6 Kc4 71. Ne5+ Kd4
72. Ng4 Kc4 73. Ne3+ Kd4 74. Nd5 Be8 75. Nb6 Bb5 76. Nc8 Ba4 77. Ne7 Kc4 78.
Nf5 Bb5 79. Ng7 Kd4 80. Ne6+ Kc4 81. Kc7 Kd5 82. Kb6 Bd7 83. Nf4+ Ke5 84. Nd3+
Ke4 85. Nb4 Be8 86. Na6 Kd4 87. c6 1/2-1/2

[Event "División de Honor Aragonesa 2019 - Encuentros por tableros Global"]
[Site ""]
[Date "2019.03.09"]
[Round "7.13"]
[White "Colas Longares, Rafael P."]
[Black "Del Rey, Diego"]
[Result "1/2-1/2"]
[WhiteElo "2337"]
[BlackElo "2356"]
[PlyCount "0"]
[WhiteTeam "Enroque"]
[BlackTeam "El Olivar"]
[EventDate "2019.01.26"]

1. e4 e5 2. Nf3 Nf6 3. Nxe5 d6 4. Nf3 Nxe4 5. Qe2 Qe7 6. d3 Nf6 7. Nc3 Qxe2+ 8.
Bxe2 Be7 9. O-O O-O 10. Re1 a6 11. Bf1 Nc6 12. h3 Re8 1/2-1/2

[Event "División de Honor Aragonesa 2019 - Encuentros por tableros Global"]
[Site ""]
[Date "2019.03.09"]
[Round "7.15"]
[White "Escuer Sanchez, Nestor"]
[Black "Hernando Garcia, Antonio"]
[Result "1/2-1/2"]
[WhiteElo "2070"]
[BlackElo "2139"]
[PlyCount "0"]
[WhiteTeam "Enroque"]
[BlackTeam "El Olivar"]
[EventDate "2019.01.26"]

1. e4 d5 2. exd5 Qxd5 3. Nc3 Qd8 4. d4 c6 5. Nf3 Bg4 6. Be2 Bxf3 7. Bxf3 e6 8.
Bf4 Bd6 9. Bxd6 Qxd6 10. Qd2 Nf6 11. O-O-O Nbd7 12. h3 O-O-O 13. Rhe1 Nd5 14.
a3 Qf4 15. Qxf4 Nxf4 16. Ne2 Nxe2+ 17. Rxe2 Nf6 1/2-1/2

[Event "División de Honor Aragonesa 2019 - Encuentros por tableros Global"]
[Site ""]
[Date "2019.03.09"]
[Round "7.17"]
[White "Salamero Pelay, Fernando"]
[Black "Cifuentes Parada, Roberto"]
[Result "0-1"]
[WhiteElo "2099"]
[BlackElo "2445"]
[PlyCount "0"]
[WhiteTeam "Atletismo Huesca"]
[BlackTeam "Jaque"]
[EventDate "2019.01.26"]

1. e4 c5 2. Nf3 Nc6 3. c3 Nf6 4. e5 Nd5 5. d4 cxd4 6. Bc4 e6 7. cxd4 d6 8. O-O
Be7 9. a3 O-O 10. Qe2 Qc7 11. Bd3 dxe5 12. dxe5 Rd8 13. Ng5 g6 14. Re1 Bd7 15.
Nxh7 Nxe5 16. Ng5 Nxd3 17. Qxd3 Nf4 18. Bxf4 Qxf4 19. Nh3 Qg4 20. Qd1 Qxd1 21.
Rxd1 Ba4 22. Rxd8+ Rxd8 23. Nc3 Bb3 24. Nf4 Rd2 25. Rb1 g5 26. Nfe2 Bc2 27. Rc1
Bd3 28. Ng3 Rxb2 29. Rd1 Bg6 30. a4 Rc2 0-1

[Event "División de Honor Aragonesa 2019 - Encuentros por tableros Global"]
[Site ""]
[Date "2019.03.09"]
[Round "7.18"]
[White "Gonzalez Gambau, Jorge"]
[Black "Gella Lopez, Angel"]
[Result "1/2-1/2"]
[WhiteElo "2101"]
[BlackElo "2100"]
[PlyCount "0"]
[WhiteTeam "Jaque"]
[BlackTeam "Atletismo Huesca"]
[EventDate "2019.01.26"]

1. e4 c5 2. Nc3 e6 3. g3 d5 4. exd5 exd5 5. Bg2 Nf6 6. d3 d4 7. Ne4 Nxe4 8.
Bxe4 Nd7 9. Ne2 Nf6 10. Bg2 Bd6 11. O-O O-O 12. Bf4 Bg4 13. Bxd6 Qxd6 14. Qd2
Rae8 15. Nf4 Re7 16. Rfe1 Rfe8 17. Kf1 h6 18. Rxe7 Rxe7 19. Re1 b6 20. Rxe7
Qxe7 1/2-1/2

[Event "División de Honor Aragonesa 2019 - Encuentros por tableros Global"]
[Site ""]
[Date "2019.03.09"]
[Round "7.20"]
[White "Buisac Anadon, Pablo"]
[Black "Laplaza Ara, Carlos"]
[Result "1/2-1/2"]
[WhiteElo "1864"]
[BlackElo "1963"]
[PlyCount "0"]
[WhiteTeam "Jaque"]
[BlackTeam "Atletismo Huesca"]
[EventDate "2019.01.26"]

1. d4 d5 2. Nf3 Nf6 3. Bf4 e6 4. e3 Bd6 5. Bg3 O-O 6. Nbd2 c5 7. c3 Nc6 8. Bb5
a6 9. Bxc6 bxc6 10. Qa4 cxd4 11. cxd4 Bxg3 12. hxg3 Qb6 13. Nb3 Nd7 14. Rc1 Bb7
15. O-O Rfc8 16. Na5 Rab8 17. b4 Ba8 18. a3 Qb5 19. Qc2 g6 20. Nb3 Qa4 21. Qa2
Rxb4 22. Nc5 Nxc5 23. Rxc5 Rb3 24. Qe2 Rxa3 25. Ne5 Ra1 26. Rxa1 Qxa1+ 27. Kh2
Bb7 28. Qf3 Rf8 29. Qf6 h5 30. Nxg6 1/2-1/2

[Event "División de Honor Aragonesa 2019 - Encuentros por tableros Global"]
[Site ""]
[Date "2019.03.09"]
[Round "7.22"]
[White "Dominguez Bujeda, Jesus"]
[Black "Ramon Perez, Jose Luis"]
[Result "1-0"]
[WhiteElo "2062"]
[BlackElo "2246"]
[PlyCount "0"]
[WhiteTeam "Teruel"]
[BlackTeam "Agrupacion"]
[EventDate "2019.01.26"]

1. d4 Nf6 2. c4 c5 3. d5 b5 4. cxb5 a6 5. b6 d6 6. Nc3 g6 7. e4 Bg7 8. Be2 O-O
9. Nf3 Qxb6 10. O-O Nbd7 11. Nd2 Qc7 12. a4 Rb8 13. a5 Rb4 14. Nc4 Ne5 15. Nxe5
dxe5 16. Qc2 Ne8 17. d6 Qxd6 18. Nd5 Rd4 19. Be3 Bb7 20. Bxd4 cxd4 21. Nb6 f5
22. f3 Bh6 23. Qb3+ Kg7 24. Nc4 Qc7 25. Bd3 Nf6 26. Qb6 Qxb6 27. axb6 Nd7 28.
b4 Rf6 29. exf5 gxf5 30. Rfe1 Nxb6 31. Rxe5 Nd5 32. Rae1 Kg6 33. g4 Ne3 34.
Nxe3 Bxe3+ 35. Kg2 e6 36. Rxe6 Rxe6 37. gxf5+ Kf6 38. fxe6 h6 39. Ra1 Kxe6 40.
Bxa6 Bxa6 41. Rxa6+ Kd5 42. Kf1 d3 43. b5 Bf4 44. h3 Kc5 45. Ra3 Kd4 46. Ra4+
Ke3 47. Rxf4 d2 48. Re4+ Kd3 49. Re1 1-0

[Event "División de Honor Aragonesa 2019 - Encuentros por tableros Global"]
[Site ""]
[Date "2019.03.09"]
[Round "7.23"]
[White "Lacruz Algarate, Alvaro"]
[Black "Martin Catalan, Juan Vicente"]
[Result "0-1"]
[WhiteElo "2144"]
[BlackElo "2028"]
[PlyCount "0"]
[WhiteTeam "Agrupacion"]
[BlackTeam "Teruel"]
[EventDate "2019.01.26"]

1. e4 c5 2. Nf3 g6 3. c3 Bg7 4. d4 cxd4 5. cxd4 d5 6. e5 Nc6 7. Nc3 Nh6 8. Bb5
O-O 9. h3 Bd7 10. Qe2 Nb4 11. O-O a6 12. Bxd7 Qxd7 13. Bf4 e6 14. Qd2 Nf5 15.
g4 Ne7 16. Bh6 Nbc6 17. Rae1 b5 18. Kg2 f5 19. Ne2 Rf7 20. Bxg7 Kxg7 21. Ng5
Rff8 22. Nf4 Nd8 23. Nf3 Rc8 24. g5 Nf7 25. h4 Rc6 26. Rc1 Rfc8 27. Nd3 Rxc1
28. Rxc1 Rxc1 29. Qxc1 Nd8 30. Nf4 Qc6 31. Qc3 Qxc3 32. bxc3 Kf7 33. Kf1 Nec6
34. Ke2 Nb7 35. Kd3 Nba5 36. Nd2 Ke7 37. h5 Kf7 38. hxg6+ hxg6 39. Kc2 b4 40.
Nd3 bxc3 41. Kxc3 Nb7 42. Nb3 Ke7 43. Nb4 Nb8 44. Nd3 Nd7 45. Kb4 Nd8 46. f4
Nc6+ 47. Kc3 Nb6 48. Nbc5 a5 49. Nb2 Nd7 50. Nba4 Nxc5 51. Nxc5 Na7 52. Kd3 Nc6
53. a3 Na7 54. Nb7 Nc6 55. Nd6 Na7 56. Kc3 Kd7 57. Kd3 Kc6 58. a4 Kd7 59. Nf7
Nc8 60. Nh8 Ne7 61. Kc3 Ke8 62. Kd3 Kf8 63. Nxg6+ Nxg6 64. Ke3 Kg7 65. Kf3 Nf8
0-1

[Event "División de Honor Aragonesa 2019 - Encuentros por tableros Global"]
[Site ""]
[Date "2019.03.09"]
[Round "7.24"]
[White "Barcena Laguia, Francisco"]
[Black "Moreno Martin-Viveros, Alvaro"]
[Result "0-1"]
[WhiteElo "1804"]
[BlackElo "2082"]
[PlyCount "0"]
[WhiteTeam "Teruel"]
[BlackTeam "Agrupacion"]
[EventDate "2019.01.26"]

1. d4 d5 2. Nf3 Nf6 3. Bf4 c5 4. e3 Nc6 5. Nbd2 e6 6. c3 Bd6 7. Ne5 Bxe5 8.
Bxe5 Nxe5 9. dxe5 Nd7 10. Qg4 O-O 11. f4 Qb6 12. Rb1 f6 13. Qg3 fxe5 14. Be2
exf4 15. exf4 c4 16. Rf1 Qd6 17. Qe3 e5 18. fxe5 Rxf1+ 19. Kxf1 Nxe5 20. Rd1
Bg4 21. Kg1 Rf8 22. Rf1 Bxe2 23. Rxf8+ Kxf8 24. Qxe2 Nd3 25. b3 Qb6+ 26. Kf1
Qf6+ 27. Qf3 Qxf3+ 28. Nxf3 Nc1 29. Nd2 Nxa2 30. bxc4 Nxc3 0-1

[Event "División de Honor Aragonesa 2019 - Encuentros por tableros Global"]
[Site ""]
[Date "2019.03.09"]
[Round "7.25"]
[White "Romero Pallares, Daniel"]
[Black "Gimeno Oteo, Marco Antonio"]
[Result "1-0"]
[WhiteElo "2190"]
[BlackElo "2082"]
[PlyCount "0"]
[WhiteTeam "Palacio de Pioneros A"]
[BlackTeam "San Jose"]
[EventDate "2019.01.26"]

1. d4 Nf6 2. Bg5 g6 3. Bxf6 exf6 4. e3 Bg7 5. c4 d5 6. cxd5 Qxd5 7. Nc3 Qa5 8.
g3 O-O 9. Bg2 c5 10. Nge2 cxd4 11. Nxd4 Nc6 12. Nxc6 bxc6 13. Qa4 Qa6 14. Qxa6
Bxa6 15. O-O-O f5 16. Kc2 Bc4 17. b3 Be6 18. Na4 Rfd8 19. Rxd8+ Rxd8 20. Rd1
Rxd1 21. Kxd1 Bd7 22. Nc5 Be8 23. Nb7 Bf6 24. Na5 c5 25. Kc2 Kf8 26. Bd5 h5 27.
Nb7 Be7 28. a4 Bd7 29. Kc3 Bc8 30. Na5 Ba6 31. Bc4 Bf6+ 32. Kd3 Bc8 33. Nc6 {
Bandera} 1-0

[Event "División de Honor Aragonesa 2019 - Encuentros por tableros Global"]
[Site ""]
[Date "2019.03.09"]
[Round "7.26"]
[White "Gutierrez Mingueza, Ruben"]
[Black "Palacios Herrero, Pablo"]
[Result "0-1"]
[WhiteElo "2068"]
[BlackElo "2173"]
[PlyCount "0"]
[WhiteTeam "San Jose"]
[BlackTeam "Palacio de Pioneros A"]
[EventDate "2019.01.26"]

1. d4 d5 2. Nf3 Nf6 3. c4 e6 4. Nc3 Bb4 5. cxd5 exd5 6. Bg5 Qd6 7. Bxf6 Qxf6 8.
Qa4+ Nc6 9. Ne5 O-O 10. Nxc6 Bxc3+ 11. bxc3 bxc6 12. g3 Re8 13. Bg2 a5 14. O-O
Ba6 15. Bf3 Bxe2 16. Bxe2 Rxe2 17. Rae1 Re6 18. Rxe6 Qxe6 19. Rb1 h5 20. h4 Ra6
21. Rb8+ Kh7 22. Qd1 Qf5 23. Qb3 Qe4 24. Qb1 Qxb1+ 25. Rxb1 Rb6 26. Re1 Kg6 27.
Re8 Rb1+ 28. Kg2 Rc1 29. Ra8 Rxc3 30. Rxa5 Rc4 31. Kf3 Kf5 32. Ra7 Rc3+ 33. Kg2
f6 34. Rxc7 g5 35. hxg5 fxg5 36. a4 Ke4 37. a5 Kxd4 38. a6 c5 39. Rh7 Ra3 40.
Rxh5 c4 41. Rxg5 c3 42. Rg7 c2 43. Rc7 Kd3 0-1